Thought signs : the semiotics of symbols - western non-pictorial ideograms

Αποθηκεύτηκε σε:
Λεπτομέρειες βιβλιογραφικής εγγραφής
Κύριος συγγραφέας: Liungman, Carl G. 1938-
Μορφή: Βιβλίο
Γλώσσα:English
Δημοσίευση: Amsterdam : IOS Press, c1995.
Θέματα:
Ετικέτες: Προσθήκη ετικέτας
Δεν υπάρχουν, Καταχωρήστε ετικέτα πρώτοι!

MARC

LEADER 00000nam a2200000 i 4500
001 1/23752
008 981126s1995####ne a ||| | eng||
020 |a 9051991975  
035 |l 10036932 
040 |a GR-MY-UA  |b gre  |e aacr 
041 0 |a eng 
082 0 |a 302.2223   |2 (23)  
100 1 |a Liungman, Carl G.  |d 1938- 
245 1 0 |a Thought signs :   |b the semiotics of symbols - western non-pictorial ideograms /   |c Carl G. Liungman.  
260 |a Amsterdam :   |b IOS Press,   |c c1995.  
300 |a 698 σ. :   |b εικ. ;   |c 24 εκ.  
504 |a Περιλαμβάνει βιβλιογραφία (σ. 641-645) και ευρετήριο.  
650 0 0 |a Semiotics. 
650 0 0 |a Signs and symbols. 
852 |a INST  |b LESVOS  |c BK  |e 19981126  |h 302.2223 LIU  |p 005100018427  |q 005100018427  |t REF  |y 23 
901 |a BIBL-1999-1 
909 |a Λ  |b 059837 
922 |a 1ΕΛΗ  |b 199810  |c ΚΠΣ/ΤΚΑ  |d ΠΑΠΑΣΩΤΗΡΙΟΥ 
950 |a 117-1998-07-08